Organizational culture and social equity : an experiental guide / Stephanie Dolamore, Angela Kline, editor. (Record no. 22584)

000 -LEADER
fixed length control field 00656nam a2200193 4500
020 ## - INTERNATIONAL STANDARD BOOK NUMBER
ISBN 9781032498126
082 ## - DEWEY DECIMAL CLASSIFICATION NUMBER
Classification number 302.3
Item number Or688 2023
245 ## - TITLE STATEMENT
Title Organizational culture and social equity : an experiental guide / Stephanie Dolamore, Angela Kline, editor.
250 ## - EDITION STATEMENT
Edition statement 1st edition.
260 ## - PUBLICATION, DISTRIBUTION, ETC. (IMPRINT)
Place of publication New York, NY :
Name of publisher Routledge,
Year of publication c2023.
300 ## - PHYSICAL DESCRIPTION
Number of Pages 1 online resources, xv, 130 pages :
Other physical details illustrations.
500 ## - GENERAL NOTE
General note Includes index.
650 ## - SUBJECT ADDED ENTRY--TOPICAL TERM
Topical Term Social justice;
650 ## - SUBJECT ADDED ENTRY--TOPICAL TERM
Topical Term Corporate Culture;
650 ## - SUBJECT ADDED ENTRY--TOPICAL TERM
Topical Term Public administration - Social aspects.
700 ## - ADDED ENTRY--PERSONAL NAME
Personal name Dolamore, Stephanie, editor.
700 ## - ADDED ENTRY--PERSONAL NAME
Personal name Kline, Angela, editor.
942 ## - ADDED ENTRY ELEMENTS (KOHA)
Koha item type Electronic Books
Holdings
Source of acquisition Permanent Location Date acquired Collection code Koha item type Lost status Shelving location Withdrawn status Current Location Full call number
DonationCagayan State University - Carig Library2026-04-16E-BooksElectronic Books E-Resource Section Cagayan State University - Carig Library302.3 Or688 2023

Cagayan State University University Library, Carig Campus
Tuguegarao City, Cagayan 3500 | www.csucarig.edu.ph

Powered by Koha